Applied corporate finance / (Record no. 13955)
[ view plain ]
| 000 -LEADER | |
|---|---|
| fixed length control field | 00835cam a22002778a 4500 |
| 001 - CONTROL NUMBER | |
| control field | 15992959 |
| 005 - DATE AND TIME OF LATEST TRANSACTION | |
| control field | 20201128020818.0 |
| 008 - FIXED-LENGTH DATA ELEMENTS--GENERAL INFORMATION | |
| fixed length control field | 140318t2011 xxua frbd 001 0 eng d |
| 020 ## - INTERNATIONAL STANDARD BOOK NUMBER | |
| International Standard Book Number | 0470384646 |
| 020 ## - INTERNATIONAL STANDARD BOOK NUMBER | |
| International Standard Book Number | 9780470384640 (pbk.) |
| 040 ## - CATALOGING SOURCE | |
| Original cataloging agency | DLC |
| Transcribing agency | DLC |
| 082 04 - DEWEY DECIMAL CLASSIFICATION NUMBER | |
| Classification number | 658.15 |
| Edition number | 22 |
| Item number | DAM |
| 100 1# - MAIN ENTRY--PERSONAL NAME | |
| Personal name | Damodaran, Aswath |
| 9 (RLIN) | 13755 |
| 245 10 - TITLE STATEMENT | |
| Title | Applied corporate finance / |
| Statement of responsibility, etc | Aswath Damodaran. |
| 250 ## - EDITION STATEMENT | |
| Edition statement | 3rd ed. |
| 260 ## - PUBLICATION, DISTRIBUTION, ETC. (IMPRINT) | |
| Place of publication, distribution, etc | Hoboken, United States : |
| Name of publisher, distributor, etc | John Wiley & Sons, Inc., |
| Date of publication, distribution, etc | c.2011. |
| 300 ## - PHYSICAL DESCRIPTION | |
| Extent | xiv, 738 p. : |
| Other physical details | ill. ; |
| Dimensions | 24 cm. |
| 500 ## - GENERAL NOTE | |
| General note | Index : p. 721-738. |
| 500 ## - GENERAL NOTE | |
| General note | Glossary : p. 718-719. |
| 500 ## - GENERAL NOTE | |
| General note | Includes appendix. |
| 504 ## - BIBLIOGRAPHY, ETC. NOTE | |
| Bibliography, etc | Includes bibliographical references. |
| 650 #0 - SUBJECT ADDED ENTRY--TOPICAL TERM | |
| Topical term or geographic name as entry element | Corporations |
| General subdivision | Finance |
| 9 (RLIN) | 2321 |
| 653 ## - INDEX TERM--UNCONTROLLED | |
| Resource For college | Engineering, General |
| Arrived date list | March2014 |
| 655 ## - INDEX TERM--GENRE/FORM | |
| Form subdivision | |
| -- | 33728 |
| 942 ## - ADDED ENTRY ELEMENTS (KOHA) | |
| Source of classification or shelving scheme | Dewey Decimal Classification |
| Call number prefix | 658.15 DAM |
| Withdrawn status | Item status | Source of classification or shelving scheme | Damaged status | Not for loan | Vendor | Home library | Current library | Shelving location | Date acquired | Source of acquisition | Total Checkouts | Total Renewals | Full call number | Barcode | Date last seen | Date last borrowed | Koha item type | Cost, normal purchase price | Cost, replacement price | Materials specified (bound volume or other part) |
|---|---|---|---|---|---|---|---|---|---|---|---|---|---|---|---|---|---|---|---|---|
| Dewey Decimal Classification | Baccah | Central Library | Central Library | First floor | 29/04/2010 | 12 | 59 | 658.15 DAM | 000020441 | 15/07/2025 | 12/05/2022 | Book - Borrowing | ||||||||
| Dewey Decimal Classification | Baccah | Central Library | Central Library | First floor | 29/04/2010 | 8 | 28 | 658.15 DAM | 000020440 | 15/07/2025 | 17/03/2018 | Book - Borrowing | ||||||||
| Dewey Decimal Classification | Baccah | Central Library | Central Library | First floor | 29/04/2010 | 658.15 DAM | 000020442 | 15/07/2025 | NB - Book (Non borrowing) | |||||||||||
| Dewey Decimal Classification | Baccah | Central Library | Central Library | First floor | 30/09/2010 | 13 | 59 | 658.15 DAM | 000022283 | 15/07/2025 | 11/04/2018 | Book - Borrowing | ||||||||
| Lost and Paid For | Dewey Decimal Classification | Academic Bookshop | Central Library | Central Library | First floor | 09/03/2011 | 6 | 52 | 658.15 DAM | 000022838 | 01/04/2019 | 10/07/2017 | Book - Borrowing | 452.00 | 570.00 | |||||
| Dewey Decimal Classification | Baccah | Central Library | Central Library | First floor | 18/03/2014 | 10 | 76 | 658.15 DAM | 000035731 | 15/07/2025 | 11/03/2019 | Book - Borrowing | 480.00 | 600.00 | ||||||
| Dewey Decimal Classification | Baccah | Central Library | Central Library | First floor | 18/03/2014 | Purchase | 10 | 52 | 658.15 DAM | 000039858 | 15/07/2025 | 20/03/2019 | Book - Borrowing | 480.00 | 600.00 | |||||
| Dewey Decimal Classification | Baccah | Central Library | Central Library | First floor | 18/03/2014 | 9 | 85 | 658.15 DAM | 000035733 | 15/07/2025 | 06/05/2019 | Book - Borrowing | 480.00 | 600.00 | ||||||
| Lost | Dewey Decimal Classification | Baccah | Central Library | Central Library | First floor | 18/03/2014 | 3 | 8 | 658.15 DAM | 000035734 | 05/06/2014 | 15/04/2014 | Book - Borrowing | 480.00 | 600.00 | Lost In Inventory_2015-8-23 | ||||
| Dewey Decimal Classification | Baccah | Central Library | Central Library | First floor | 18/03/2014 | 7 | 37 | 658.15 DAM | 000035735 | 15/07/2025 | 02/05/2018 | Book - Borrowing | 480.00 | 600.00 |